| 000 | 01040nam a2200229Ia 4500 | ||
|---|---|---|---|
| 999 |
_c52490 _d52490 |
||
| 001 | 19513 | ||
| 003 | GE_BSU | ||
| 005 | 20240118153931.0 | ||
| 008 | 181216s1969||||ge |||||||||||||| ||geo|| | ||
| 040 | _cGE_BSU | ||
| 041 | _ageo | ||
| 080 | _a811.353.1'01'367 კ-49 | ||
| 100 |
_aკიზირია, ანტონ _97225 |
||
| 245 |
_aრთული წინადადებების შედგენილობა ძველ ქართულში / _cანტონ კიზირია; ენათმეცნიერების ინ-ტი. |
||
| 264 |
_aთბილისი : _bმეცნიერება, _c1969. |
||
| 300 |
_a159 გვ; _b22 სმ. |
||
| 501 | _aშემოკლებათა განმარტება და პირთა საძიებლები: გვ. 154-158. | ||
| 541 | _h1ლ.54თ. | ||
| 653 | _aრთული წინადადება ძველ ქართულში | ||
| 653 | _aქართული ენა | ||
| 942 |
_cBK _2udc |
||